00512nam a2200169Ia 4500020001800000082002100018100002000039245004500059260005100104300001000155440004000165504003300205650002500238650002000263650003400283650002500317 a4-258-52022-5 a307.760951 KOJ-; aKojima, Reeitsu 0aUrbanization and urban problems in China aTokyobInstitute of Developing Economiesc1987 a142p. aI.D.E. Occasional papers series; 22 aIncludes index, bibliography aUrbanization - China aUrban economics aRural-urban migration - China aUrban policy - China